000
00349nam a2200145Ia 4500
005
20251020182559.0
008
200515s9999 xx 000 0 und d
082
_a
SC/331.14(85)/H41/V.1
100
_a
HEROS PEREZ ALBELA, Alfonso de
245
0
_a
Manual Laboral
260
_a
Lima
260
_c
s.a.
650
_a
LEGISLACION LABORAL
942
_c
LIB
999
_c
2987
_d
2987